000 00654nam a2200253Ia 4500
003 OSt
005 20221005031510.0
006 a|||||r|||| 00| 0
007 ta
008 221004b |||||||| |||| 00| 0 tam d
020 _c7.00
024 _a65113
037 _cTextual
040 _aCRL
_cCRL
_btam
041 _2tam
_atam
082 _aO31,3N091x, L2
100 _aNatarasan A.Le. Au.
_9583835
245 0 _a101 Kadhaikal
260 _aChennai
_bArunothayam India
_c1972
300 _a406p.
_ccm.
650 _aTAMIL PROSE
942 _hO31,3N091x, L2
_cTEXL
_2cc
999 _c937895
_d937895